[Event "II Holuj-Radzikowski Mem"]
[Site "Warsaw POL"]
[Date "2012.07.04"]
[EventDate "2012.07.02"]
[Round "3.5"]
[Result "0-1"]
[White "Anne Haast"]
[Black "Iweta Radziewicz Rajlich"]
[WhiteElo "2255"]
[BlackElo "2419"]
[PlyCount "52"]

1. e4 e6 2. d4 d5 3. Nc3 Bb4 4. e5 c5 5. a3 Bxc3+ 6. bxc3 Nc6
7. a4 Qa5 8. Bd2 c4 9. Nh3 Bd7 10. Nf4 O-O-O 11. g3 f5 12. Ne2
Be8 13. Bg2 Rd7 14. O-O h6 15. Bc1 g5 16. Ba3 h5 17. Qd2 Qd8
18. Rfb1 h4 19. Bd6 hxg3 20. hxg3 Nh6 21. a5 f4 22. Bh3 Nf5
23. Bxf5 exf5 24. Kf1 f3 25. Ng1 Rh1 26. Rb5 Bh5 0-1

[Event "II Holuj-Radzikowski Mem"]
[Site "Warsaw POL"]
[Date "2012.07.05"]
[EventDate "2012.07.02"]
[Round "5.5"]
[Result "1-0"]
[White "Iweta Radziewicz Rajlich"]
[Black "Sopio Gvetadze"]
[WhiteElo "2419"]
[BlackElo "2337"]
[PlyCount "107"]

1. d4 d5 2. c4 e6 3. Nc3 Nf6 4. cxd5 exd5 5. Bg5 Bb4 6. e3 c5
7. Bb5+ Bd7 8. Bxd7+ Nbxd7 9. Ne2 h6 10. Bxf6 Nxf6 11. Qa4+
Qd7 12. Qxd7+ Kxd7 13. dxc5 Rac8 14. O-O Bxc3 15. Nxc3 Rxc5
16. Rfd1 Ke6 17. f3 Rhc8 18. Rd4 Rc4 19. Rd2 R4c5 20. Rad1
R8c7 21. Kf2 g6 22. g4 Rd7 23. h4 Ng8 24. e4 d4 25. Rxd4 Rxd4
26. Rxd4 Ne7 27. Rd8 h5 28. g5 a6 29. Ke3 Rc4 30. Re8 Kd7
31. Rf8 Ke6 32. Rb8 Rc7 33. Re8 Kd6 34. f4 Nc6 35. Nd5 Rd7
36. Nb6 Rd8 37. Nc4+ Kd7 38. Rxd8+ Nxd8 39. Ne5+ Ke6 40. a4 b6
41. Nc4 b5 42. axb5 axb5 43. Na3 b4 44. Nc2 Kd6 45. Nxb4 Kc5
46. Nd3+ Kc4 47. Ne5+ Kb3 48. f5 gxf5 49. exf5 Kxb2 50. Kf4
Kc3 51. Nxf7 Nxf7 52. g6 Nh6 53. f6 Kd4 54. f7 1-0

[Event "II Holuj-Radzikowski Mem"]
[Site "Warsaw POL"]
[Date "2012.07.06"]
[EventDate "2012.07.02"]
[Round "6.2"]
[Result "1/2-1/2"]
[White "Arlette van Weersel"]
[Black "Iweta Radziewicz Rajlich"]
[WhiteElo "2176"]
[BlackElo "2419"]
[PlyCount "222"]

1. e4 e6 2. d4 d5 3. Nc3 Bb4 4. e5 c5 5. a3 Bxc3+ 6. bxc3 Nc6
7. Qg4 g6 8. Qd1 Qa5 9. Bd2 c4 10. h4 Bd7 11. Nf3 h6 12. Qc1
O-O-O 13. a4 f5 14. Qa3 Nge7 15. g3 Rh7 16. Bg2 Kb8 17. Ke2
Nc8 18. Rhb1 Rg8 19. Rb5 Qd8 20. Rab1 Na5 21. Rc5 Ne7 22. Qb2
Nec6 23. Rb5 Bc8 24. Qc1 Qf8 25. Ra1 b6 26. Rbb1 Nd8 27. Qb2
Rb7 28. Qb4 Qg7 29. Qa3 Nf7 30. Rh1 Rh8 31. Rag1 Qg8 32. Bc1
Qe8 33. Bd2 Bd7 34. Ra1 Bc6 35. Bc1 Rd7 36. Qa2 Rd8 37. Ba3
Qd7 38. Bb4 g5 39. Qb2 Ka8 40. Qc1 g4 41. Ne1 Rb8 42. Rh2 Nb7
43. a5 bxa5 44. Ba3 Rhd8 45. Bh1 Ba4 46. Ng2 Nxe5 47. dxe5 d4
48. cxd4 Qxd4 49. Ne3 Qxe5 50. Rb1 c3 51. Kf1 Bb5+ 52. Kg1 a6
53. Bg2 Rd2 54. Bf1 Rbd8 55. Nc4 Qd4 56. Nxd2 cxd2 57. Qd1
Bxf1 58. Kxf1 Qc4+ 59. Kg1 Qa2 60. Rb3 a4 61. Rc3 Na5 62. f4
Nc4 63. Rxc4 Qxa3 64. Kf2 Qf3+ 65. Qxf3+ gxf3 66. Rh1 d1=Q
67. Rxd1 Rxd1 68. Rxa4 Kb7 69. Kxf3 Rf1+ 70. Ke2 Rg1 71. Ra3
Rg2+ 72. Kd1 Rg1+ 73. Kd2 Rb1 74. Kc3 Kb6 75. Kd4 Re1 76. Rb3+
Kc6 77. Rc3+ Kb5 78. Rb3+ Kc6 79. Rc3+ Kd7 80. Kc5 a5 81. Ra3
e5 82. fxe5 Rxe5+ 83. Kb6 Ke6 84. c4 Re4 85. Kc5 Rg4 86. Rxa5
Rxg3 87. Ra6+ Ke5 88. Rxh6 Rg8 89. Rh7 Rc8+ 90. Kb4 Rf8
91. Kc3 f4 92. Re7+ Kf5 93. Kd3 Ra8 94. Rf7+ Ke5 95. Re7+ Kf5
96. Rf7+ Kg4 97. h5 Rh8 98. Ke4 Re8+ 99. Kd4 Rh8 100. Ke4 Re8+
101. Kd4 Rh8 102. c5 Rxh5 103. c6 Rh1 104. c7 Rc1 105. Ke5 f3
106. Kd6 Kg3 107. Kd7 f2 108. c8=Q Rxc8 109. Kxc8 Kg2 110. Kd7
f1=Q 111. Rxf1 Kxf1 1/2-1/2

[Event "II Holuj-Radzikowski Mem"]
[Site "Warsaw POL"]
[Date "2012.07.07"]
[EventDate "2012.07.02"]
[Round "7.4"]
[Result "1/2-1/2"]
[White "Iweta Radziewicz Rajlich"]
[Black "Nino Batsiashvili"]
[WhiteElo "2419"]
[BlackElo "2434"]
[PlyCount "117"]

1. d4 f5 2. c4 Nf6 3. Nc3 g6 4. h4 h6 5. Nh3 Nc6 6. Nf4 Rg8
7. e3 e5 8. dxe5 Nxe5 9. Qa4 c6 10. Bd2 d6 11. f3 Bd7
12. O-O-O Qb6 13. Kb1 a6 14. h5 g5 15. Nd3 c5 16. Qb3 Qxb3
17. axb3 Bc6 18. Nxe5 dxe5 19. Be1 Rd8 20. Rxd8+ Kxd8 21. Bd3
e4 22. fxe4 fxe4 23. Be2 Bd6 24. Nd1 Ke7 25. Bc3 g4 26. Nf2 g3
27. Nh3 Ng4 28. Bxg4 Rxg4 29. Rf1 Be8 30. Rf6 Rh4 31. Rxh6
Rxh5 32. Bf6+ Ke6 33. Bg5+ Rxh6 34. Bxh6 b5 35. Kc2 Kf5
36. Bf4 Bf8 37. Bxg3 Bf7 38. cxb5 axb5 39. Bf4 Be7 40. Nf2 Bh5
41. Nh1 Bh4 42. Bd6 c4 43. bxc4 bxc4 44. Bg3 Bg5 45. Bf2 Kg4
46. Kc3 Bf7 47. Ng3 Bf6+ 48. Kc2 Bh4 49. Nh1 Bg5 50. Bg1 Bd5
51. Kc1 Bh6 52. Kd2 Bg7 53. Kc2 Bh6 54. Kc1 Bg5 55. Bf2 Bh6
56. Kc2 Bg5 57. Bg1 Bh6 58. Kd2 Bg7 59. Kc2 1/2-1/2